000 00292nam a22001337a 4500
008 170803b xxu||||| |||| 00| 0 eng d
020 _a9783411145119
041 _aeng
080 _a004
100 _a32
101 _aSHKI
245 _aCOMPUTER AIDED DESIGN
_cGOEBL, R.W
942 _2udc
_cBK
999 _c22605
_d22605